01019nam a22002777a 4500001001000000003000500010005001700015008004100032010001000073011001000083035001100093040000900104100003100113245019400144260004100338300003900379502007600418650002600494650003600520650003300556650002400589650002100613700002500634856006600659856001600725000096548CHAP20220817044132.0061121d2006 mx r 00110 spa d a93014 a93986 a104569 cCHAP1 aPeralta Aban, Julia Angela10aEvaluación del tamaño del huevo de reproductoras adultas sobre la pérdidas de humedad del huevo y calidad del pollito Ross 308 /c/por Julia Angela Peralta Aban y David Alcantar Nava. aChapingo, Méx. :bEl autor,c2006. a40 h. :bilus.; gráfs.; cuadros. aTesis (Ing. Agr. Esp. en Zootecnia) - - UACH. Departamento de Zootecnia04aAviculturaxMéxico.14aAves de corralxReproducción.14aCaracterísticas del huevo.14aHuevosxAnálisis.14aHuevosxCalidad.1 aAlcantar Nava, David 3Finding aiduhttp://10.13.5.2/tesis/104569.pdfzTeclea aquí a1 n0000176